000 006360000a22002050004500
090 _aAR
_b03165
245 1 0 _aRevision of Beilschmiedia (<Lauraceae>) in the neotropics
650 1 4 _aVegetación
_992799
650 1 4 _aBotánica
_9361
650 1 4 _aTaxonomía vegetal
_992262
650 1 4 _aMorfología vegetal
_918295
650 1 4 _aDistribución geográfica
_992997
650 1 4 _aAnatomía
_995070
651 4 _pCosta Rica
_992749
653 _fLaureaceae
_gBeilschmiedia
041 0 _aInglés
100 1 _aNishida, Sachiko
_996752
942 _cARTICULO
773 1 _tAnnals of the Missouri Botanical Garden
_3157
_h3
_q657-701
_d1999
_g86
999 _c12220
_d12220